|
|
|
|
| LEADER |
01283nam a2200265 u 4500 |
| 001 |
10117586 |
| 003 |
upatras |
| 005 |
20230323122814.0 |
| 008 |
150921s2012 gr gre |
| 020 |
|
|
|a 9789609344937
|
| 040 |
|
|
|a GR-PaULI
|c GR-PaULI
|
| 041 |
0 |
|
|a gre
|
| 082 |
0 |
4 |
|a 372.21
|
| 245 |
1 |
0 |
|a Μετάβαση και συνέχεια στην εκπαίδευση
|b θεωρητικές και ερευνητικές προσεγγίσεις
|c ; επιστημονική επιμέλεια Έφη Γουργιώτου
|
| 260 |
|
|
|a Αθήνα
|b [χ.ό.]
|c 2012
|
| 300 |
|
|
|a 607 σ.
|b πίν., γραφ.
|c 30 εκ.
|
| 504 |
|
|
|a Περιλαμβάνει βιβλιογραφία
|
| 650 |
|
4 |
|a Εκπαίδευση, Προσχολική
|z Ελλάδα
|9 131200
|
| 650 |
|
4 |
|9 143149
|a Εκπαίδευση, Στοιχειώδης
|z Ελλάδα
|
| 700 |
1 |
|
|a Γουργιώτου, Ευθυμία Α.
|4 edt
|9 146193
|
| 852 |
|
|
|a GR-PaULI
|b ΠΑΤΡΑ
|b ΒΚΠ
|b ΒΣ1
|k ΑΣΧΕ
|h 372.21 ΜΕΤ
|m 121835
|p 025000237004
|t 1
|
| 942 |
|
|
|2 ddc
|c BK15
|
| 952 |
|
|
|0 0
|1 0
|4 0
|6 372_210000000000000_ΜΕΤ
|7 0
|9 184121
|a LISP
|b LISP
|c BSC
|d 2016-04-24
|i 121835
|l 3
|o 372.21 ΜΕΤ
|p 025000237004
|r 2024-06-25 00:00:00
|s 2024-06-04
|t 1
|w 2016-04-24
|y BK15
|
| 998 |
|
|
|c ΒΑΣΙΛΕΙΟΥ
|d 2015-09
|
| 999 |
|
|
|c 113509
|d 113509
|